A Textbook of Electrical Technology in S.I. Unit: Electronic Devices and Circuits. Vol. IV (Record no. 44142)

000 -LEADER
fixed length control field 00437nam a2200145Ia 4500
008 - FIXED-LENGTH DATA ELEMENTS--GENERAL INFORMATION
fixed length control field 240328s9999||||xx |||||||||||||| ||und||
020 ## - INTERNATIONAL STANDARD BOOK NUMBER
International Standard Book Number 9788121926676
082 ## - DEWEY DECIMAL CLASSIFICATION NUMBER
Classification number 621.3
Item number THE/T
100 ## - MAIN ENTRY--PERSONAL NAME
Personal name Theraja, B.L.
245 #2 - TITLE STATEMENT
Title A Textbook of Electrical Technology in S.I. Unit: Electronic Devices and Circuits. Vol. IV
250 ## - EDITION STATEMENT
Edition statement 23rd Edition
260 ## - PUBLICATION, DISTRIBUTION, ETC.
Place of publication, distribution, etc. New Delhi
Name of publisher, distributor, etc. S. Chand & Company Pvt. Ltd.
Date of publication, distribution, etc. 2023
300 ## - PHYSICAL DESCRIPTION
Extent 719p.
942 ## - ADDED ENTRY ELEMENTS (KOHA)
Koha item type Book
Holdings
Withdrawn status Lost status Damaged status Not for loan Collection code Permanent Location Current Location Date acquired Cost, normal purchase price Total Checkouts Full call number Barcode Date last seen Date last checked out Price effective from Koha item type
        School of Humanities (Noida) MUIT-NOIDA MUIT-NOIDA 2024-04-11 795.00 4 621.3 THE/T SOH00059 2025-04-23 2025-04-16 2024-04-11 Book

All Rights Reserved@MUIT

Powered by Koha